Statistics for Avicii Charting Songs (Billboard Club Play)

Click here to take the quiz!

General Stats

  • This quiz has been taken 15 times
  • The average score is 7 of 15

Answer Stats

AlbumWeeks OnPeakArtist(s)Song% Correct
The Days / The Nights13 Weeks#3AviciiThe Nights
93%
True19 Weeks#1 (2 Weeks)AviciiWake Me Up!
93%
Non-Album Single17 Weeks#1 (1 Week)Avicii vs. Nicky RomeroI Could Be the One
86%
Non-Album Single20 Weeks#1 (1 Week)AviciiLevels
86%
True13 Weeks#1 (1 Week)AviciiHey Brother
71%
TIM17 Weeks#1 (1 Week)Avicii ft. Aloe BlaccSOS
71%
Stories3 Weeks#43AviciiWaiting For Love
71%
True13 Weeks#1 (1 Week)AviciiAddicted To You
43%
True16 Weeks#7AviciiYou Make Me
36%
TIM1 Week#50AviciiHeaven
29%
Non-Album Single12 Weeks#4AviciiSilhouettes
7%
Non-Album Single12 Weeks#1 (1 Week)Leona Lewis & AviciiCollide
0%
Non-Album Single14 Weeks#7Eric Turner vs. AviciiDancing In My Head
0%
One Love, One Rhythm11 Weeks#14Santana & Wyclef ft. Avicii & Alexandre PiresDar Um Jeito (We Will Find a Way)
0%
Non-Album Single7 Weeks#3Kygo with Avicii & Sandro CavazzaForever Yours (Tribute)
0%

Score Distribution

Percentile by Number Answered

Percent of People with Each Score

Your Score History

You have not taken this quiz